[Event "SLO-chT1 West"]
[Site "Ljubljana"]
[Date "2013.09.28"]
[Round "2"]
[White "Kejzar, Petra"]
[Black "Cuk, Mirko"]
[Result "1/2-1/2"]
[WhiteElo "1811"]
[BlackElo "1964"]
[PlyCount "92"]
[EventDate "2013.09.27"]
[EventType "team-tourn"]
[EventRounds "9"]
[EventCountry "SLO"]
[SourceTitle "EXT 2019"]
[Source "ChessBase"]
[SourceDate "2018.10.10"]
[SourceVersion "1"]
[SourceVersionDate "2018.10.10"]
[SourceQuality "1"]
[WhiteTeam "Kranj Tomo Zupan"]
[BlackTeam "Kocevje"]
[WhiteTeamCountry "SLO"]
[BlackTeamCountry "SLO"]

1. d4 e6 2. Nf3 f5 3. c4 Nf6 4. Nc3 Bb4 5. Bd2 Bxc3 6. Bxc3 d6 7. b3 b6 8. e3 0-0 9. Bd3 Bb7 10. d5 Bc8 11. dxe6 Bxe6 12. Nd4 Qe7 13. Qf3 Nbd7 14. Nxe6 Qxe6 15. Qxf5 Qe7 16. 0-0 g6 17. Qg5 Rae8 18. Rad1 Nc5 19. Bxf6 Rxf6 20. Qd5+ Ne6 21. f4 Kg7 22. Rf3 a5 23. Bc2 Nf8 24. f5 Nd7 25. Rg3 Ne5 26. Qd4 Rh8 27. Qh4 Rf7 28. Qxe7 Rxe7 29. Rf1 Rf7 30. Rf4 Rf6 31. h4 Kf7 32. Rg5 Rg8 33. h5 gxh5 34. Rxg8 Kxg8 35. Kf2 Kg7 36. e4 Rh6 37. Kg3 h4+ 38. Rxh4 Rxh4 39. Kxh4 h6 40. Kg3 Kf6 41. Kf4 Kg7 42. g4 Kf6 43. Bd1 c5 44. Be2 Nc6 45. a3 Nd4 46. Bd1 Nc6 1/2-1/2

[Event "SLO-chT2 West"]
[Site "Slovenia"]
[Date "2010.11.07"]
[Round "4.4"]
[White "Pregarac, Valter"]
[Black "Cuk, Mirko"]
[Result "1-0"]
[WhiteElo "2088"]
[BlackElo "1957"]
[PlyCount "91"]
[EventDate "2010.11.05"]
[EventType "team-tourn"]
[EventRounds "9"]
[EventCountry "SLO"]
[SourceTitle "EXT 2022"]
[Source "ChessBase"]
[SourceDate "2021.10.06"]
[SourceVersion "1"]
[SourceVersionDate "2021.10.06"]
[SourceQuality "1"]

1. d4 d5 2. c4 e6 3. Nc3 Nf6 4. cxd5 exd5 5. Bg5 Be7 6. e3 c6 7. Bd3 0-0 8. Qc2 h6 9. Bh4 Re8 10. f3 b6 11. Nge2 Bb7 12. 0-0 Nbd7 13. e4 dxe4 14. fxe4 Ng4 15. Bxe7 Qxe7 16. Rf4 Ngf6 17. Raf1 Rf8 18. Ng3 c5 19. Nf5 Qe6 20. d5 Qe5 21. Qf2 Kh7 22. Kh1 g6 23. Ne3 Qd4 24. Bb5 Rad8 25. Bxd7 Nxd7 26. Rxf7+ Rxf7 27. Qxf7+ Qg7 28. Ng4 h5 29. Nf6+ Kh8 30. Nxd7 Rxd7 31. Qxg7+ Kxg7 32. Kg1 Ba6 33. Rf3 Bb7 34. Kf2 a6 35. Ke3 b5 36. h4 b4 37. Na4 Bxd5 38. exd5 Rxd5 39. Nb6 Rd1 40. b3 g5 41. Rf5 gxh4 42. Rxc5 h3 43. gxh3 Rh1 44. Rxh5 Ra1 45. Ra5 Rh1 46. Kd4 1-0

[Event "SLO-chT2 West"]
[Site "Slovenia"]
[Date "2010.11.05"]
[Round "1.3"]
[White "Cuk, Mirko"]
[Black "Sivic, Klemen"]
[Result "0-1"]
[WhiteElo "1957"]
[BlackElo "2043"]
[PlyCount "58"]
[EventDate "2010.11.05"]
[EventType "team-tourn"]
[EventRounds "9"]
[EventCountry "SLO"]
[SourceTitle "EXT 2022"]
[Source "ChessBase"]
[SourceDate "2021.10.06"]
[SourceVersion "1"]
[SourceVersionDate "2021.10.06"]
[SourceQuality "1"]

1. d4 g6 2. Nf3 Bg7 3. c4 c5 4. e4 d6 5. Be2 Bg4 6. d5 e6 7. 0-0 exd5 8. exd5 Ne7 9. Nc3 Nd7 10. Re1 0-0 11. Bf4 Nf5 12. Rb1 Bxf3 13. Bxf3 Ne5 14. Bxe5 Bxe5 15. Ne4 Nd4 16. g3 f5 17. Nxc5 f4 18. Bg4 fxg3 19. hxg3 Bxg3 20. fxg3 dxc5 21. Qd3 Qg5 22. Re4 Rf3 23. Bxf3 Qxg3+ 24. Kf1 Rf8 25. Re3 Nxf3 26. Ke2 Qg2+ 27. Kd1 Rf4 28. Re2 Qf1+ 29. Kc2 Nd4+ 0-1

[Event "SLO-chT3 West"]
[Site "Kocevje"]
[Date "2009.11.14"]
[Round "2"]
[White "Cuk, Mirko"]
[Black "Torkar, Boris"]
[Result "1/2-1/2"]
[WhiteElo "1961"]
[BlackElo "1529"]
[PlyCount "42"]
[EventDate "2009.11.13"]
[EventType "swiss"]
[EventRounds "5"]
[EventCountry "SLO"]
[SourceTitle "EXT 2022"]
[Source "ChessBase"]
[SourceDate "2021.10.06"]
[SourceVersion "1"]
[SourceVersionDate "2021.10.06"]
[SourceQuality "1"]

1. Nf3 Nf6 2. d4 d5 3. c4 e6 4. Nc3 dxc4 5. e3 c5 6. Bxc4 Nc6 7. 0-0 cxd4 8. exd4 Be7 9. d5 exd5 10. Nxd5 0-0 11. Nxe7+ Qxe7 12. Bg5 Rd8 13. Qe2 Qxe2 14. Bxe2 Bg4 15. Bxf6 gxf6 16. Rfd1 Ne5 17. Kf1 Nxf3 18. Bxf3 Bxf3 19. gxf3 Kf8 20. Rac1 Rxd1+ 21. Rxd1 Ke7 1/2-1/2

[Event "Pirgou Sphlios op 2nd"]
[Site "Greece"]
[Date "2007.08.16"]
[Round "2"]
[White "Spiliopoulos, Alexios"]
[Black "Cuk, Mirko"]
[Result "1-0"]
[WhiteElo "1900"]
[BlackElo "1465"]
[PlyCount "71"]
[EventDate "2007.08.16"]
[EventType "swiss"]
[EventRounds "7"]
[EventCountry "GRE"]
[SourceTitle "EXT 2008"]
[Source "ChessBase"]
[SourceDate "2007.11.25"]
[SourceVersion "1"]
[SourceVersionDate "2007.11.25"]
[SourceQuality "1"]

1. d4 Nf6 2. c4 g6 3. Nc3 Bg7 4. e4 d6 5. Nf3 0-0 6. Be2 e5 7. 0-0 Nc6 8. d5 Ne7 9. Nd2 Ne8 10. b4 f5 11. c5 Rf7 12. a4 Bf8 13. Ba3 Nf6 14. b5 fxe4 15. cxd6 cxd6 16. Ndxe4 Nxe4 17. Nxe4 Nf5 18. Rc1 Nd4 19. Bg4 Bf5 20. Ng3 Qg5 21. Nxf5 gxf5 22. Bh3 Re8 23. f4 Qh4 24. Bb4 Rg7 25. Kh1 Kh8 26. Be1 Qf6 27. Bf2 b6 28. fxe5 dxe5 29. Bxd4 exd4 30. Rxf5 Qh4 31. Qf1 Bc5 32. Rf4 Qh6 33. g3 d3 34. Rd1 Re3 35. Rf8+ Bxf8 36. Qxf8+ 1-0

[Event "SLO-chT West"]
[Site "Bled"]
[Date "2004.11.14"]
[Round "9"]
[White "Cuk, Mirko"]
[Black "Drinovec, Ales"]
[Result "0-1"]
[WhiteElo "1987"]
[BlackElo "2153"]
[PlyCount "100"]
[EventDate "2004.11.05"]
[EventType "team"]
[EventRounds "9"]
[EventCountry "SLO"]
[SourceTitle "EXT 2009"]
[Source "ChessBase"]
[SourceDate "2008.11.26"]
[SourceVersion "1"]
[SourceVersionDate "2008.11.26"]
[SourceQuality "1"]

1. d4 Nf6 2. Nf3 g6 3. c4 Bg7 4. Nc3 d6 5. e4 0-0 6. Be2 Nc6 7. 0-0 e5 8. d5 Ne7 9. Ne1 Ne8 10. Nd3 f5 11. Bg5 h6 12. Bxe7 Qxe7 13. b4 fxe4 14. Nxe4 Bf5 15. f3 c6 16. Ndf2 Kh7 17. Qd3 Rc8 18. Rad1 cxd5 19. Qxd5 Be6 20. Qa5 Bxc4 21. Bxc4 Rxc4 22. Qxa7 Rxb4 23. Rd5 Qc7 24. Rfd1 Rd4 25. R5xd4 exd4 26. Nd3 d5 27. Nec5 Rf7 28. Rb1 Nd6 29. Qb6 Qc6 30. Qxc6 bxc6 31. Rb6 Rc7 32. Nb4 d3 33. Nbxd3 Bd4+ 34. Kf1 Kg8 35. Rb8+ Kf7 36. Nb3 Bf6 37. Rb6 Nc4 38. Ra6 Ke7 39. Nb4 Kd6 40. g3 g5 41. Kg2 Bc3 42. Nd3 Re7 43. Ndc5 Re2+ 44. Kf1 Rxh2 45. Ra7 Nd2+ 46. Kg1 Nxf3+ 47. Kf1 Bd4 48. Rd7+ Ke5 49. Re7+ Kf5 50. Rf7+ Kg4 0-1

[Event "SLO-chT West"]
[Site "Bled"]
[Date "2004.11.06"]
[Round "2"]
[White "Kastelec, Stefan"]
[Black "Cuk, Mirko"]
[Result "1-0"]
[WhiteElo "1983"]
[BlackElo "1987"]
[PlyCount "97"]
[EventDate "2004.11.05"]
[EventType "team"]
[EventRounds "9"]
[EventCountry "SLO"]
[SourceTitle "EXT 2009"]
[Source "ChessBase"]
[SourceDate "2008.11.26"]
[SourceVersion "1"]
[SourceVersionDate "2008.11.26"]
[SourceQuality "1"]

1. d4 Nf6 2. Nf3 e6 3. c4 Bb4+ 4. Nc3 Bxc3+ 5. bxc3 d6 6. Qc2 Nbd7 7. e4 e5 8. Bd3 0-0 9. 0-0 Re8 10. Bg5 Nf8 11. c5 Ng6 12. Rab1 h6 13. Bd2 b6 14. cxd6 cxd6 15. Rbd1 Qc7 16. Rfe1 Bb7 17. Qb1 Bc6 18. Rc1 Qb7 19. d5 Bd7 20. Qb4 Qc7 21. a4 Bg4 22. Re3 Nd7 23. Bb5 Red8 24. Ra1 a6 25. Bf1 Nc5 26. c4 Bxf3 27. gxf3 Nf4 28. Rea3 Rab8 29. Bxf4 exf4 30. Qd2 g5 31. Bh3 Qe7 32. Qd4 f6 33. Rb1 Qe5 34. Qd1 Kf7 35. Ra2 Rb7 36. Rab2 Rdb8 37. Bg4 Kg6 38. Bf5+ Kg7 39. Qc2 a5 40. Kg2 Na6 41. h4 Nb4 42. Qd1 Qc3 43. Rb3 Qe5 44. R1b2 Rc7 45. Qh1 Rh8 46. Qh3 Rxc4 47. Qg4 Qe7 48. Rb1 Rhc8 49. Bxc8 1-0

[Event "SLO-chT West"]
[Site "Bled"]
[Date "2004.11.05"]
[Round "1"]
[White "Cuk, Mirko"]
[Black "Brcar, Andrej"]
[Result "1/2-1/2"]
[WhiteElo "1987"]
[BlackElo "2104"]
[PlyCount "54"]
[EventDate "2004.11.05"]
[EventType "team"]
[EventRounds "9"]
[EventCountry "SLO"]
[SourceTitle "EXT 2009"]
[Source "ChessBase"]
[SourceDate "2008.11.26"]
[SourceVersion "1"]
[SourceVersionDate "2008.11.26"]
[SourceQuality "1"]

1. d4 d6 2. Nf3 Nf6 3. c4 Nbd7 4. Nc3 e5 5. e4 Be7 6. Be2 0-0 7. 0-0 c6 8. h3 Qc7 9. Be3 Re8 10. Rc1 exd4 11. Nxd4 Nc5 12. f3 Nh5 13. Qe1 a5 14. Qf2 Qd8 15. f4 Bh4 16. Qf3 Ng3 17. Rfd1 Ngxe4 18. Nxe4 Nxe4 19. Bd3 Nc5 20. Nxc6 bxc6 21. Bxc5 Be7 22. Bf2 Bb7 23. Re1 Bf6 24. Rxe8+ Qxe8 25. Re1 Qd7 26. Qe2 g6 27. b3 Kf8 1/2-1/2

[Event "SLO-chT2W"]
[Site "Bled"]
[Date "2003.11.15"]
[Round "7"]
[White "Ljajic, Ismet"]
[Black "Cuk, Mirko"]
[Result "1-0"]
[WhiteElo "1921"]
[BlackElo "1988"]
[PlyCount "82"]
[EventDate "2003.11.07"]
[EventType "team"]
[EventRounds "8"]
[EventCountry "SLO"]
[SourceTitle "EXT 2005"]
[Source "ChessBase"]
[SourceDate "2004.11.15"]
[SourceVersion "1"]
[SourceVersionDate "2004.11.15"]
[SourceQuality "1"]

1. e4 c6 2. d4 d5 3. Nc3 dxe4 4. Nxe4 Bf5 5. Ng3 Bg6 6. h4 h6 7. h5 Bh7 8. Nf3 Nf6 9. Bd3 e6 10. Bxh7 Nxh7 11. Ne4 Nd7 12. g4 Ndf6 13. Nxf6+ Nxf6 14. Ne5 Qd5 15. Rg1 Bd6 16. Nf3 0-0-0 17. Qe2 Rhe8 18. Be3 Rd7 19. a3 Kb8 20. c4 Qe4 21. 0-0-0 Bf4 22. Nd2 Bxe3 23. fxe3 Qh7 24. Nf3 Rde7 25. Ne5 Nd7 26. Qh2 Kc8 27. Rdf1 Qe4 28. Nxf7 Rxf7 29. Rxf7 Qxe3+ 30. Kc2 Qxd4 31. Rd1 Qe4+ 32. Kc3 Ne5 33. Rf2 Qe3+ 34. Kc2 Nf3 35. Rxf3 Qxf3 36. Qd6 Qf7 37. Qd4 b6 38. Qe4 Qc7 39. b4 e5 40. Qf5+ Kb8 41. Rd2 Qc8 1-0

[Event "SLO-chT2W"]
[Site "Bled"]
[Date "2003.11.09"]
[Round "4"]
[White "Cuk, Mirko"]
[Black "Brcar, Andrej"]
[Result "1/2-1/2"]
[WhiteElo "1988"]
[BlackElo "2089"]
[PlyCount "130"]
[EventDate "2003.11.07"]
[EventType "team"]
[EventRounds "8"]
[EventCountry "SLO"]
[SourceTitle "EXT 2005"]
[Source "ChessBase"]
[SourceDate "2004.11.15"]
[SourceVersion "1"]
[SourceVersionDate "2004.11.15"]
[SourceQuality "1"]

1. Nf3 Nf6 2. d4 d6 3. c4 Nbd7 4. Nc3 e5 5. e4 Be7 6. Be2 0-0 7. 0-0 c6 8. h3 Qc7 9. Be3 Re8 10. Qc2 a6 11. Rac1 Bf8 12. b4 exd4 13. Bxd4 c5 14. bxc5 dxc5 15. Be3 b6 16. Nd2 Bb7 17. f4 Red8 18. e5 Ne8 19. Bd3 g6 20. Nd5 Bxd5 21. cxd5 Bh6 22. d6 Qc8 23. Rf3 Nf8 24. Ne4 Ne6 25. Nc3 Nd4 26. Bxd4 cxd4 27. Nd5 Qxc2 28. Rxc2 b5 29. Be4 Kh8 30. Ne7 Rab8 31. Nc6 f5 32. Bd3 Ng7 33. Nxb8 Rxb8 34. d7 Rd8 35. Rc8 Ne6 36. a4 Kg7 37. Rxd8 Nxd8 38. axb5 axb5 39. Bxb5 Kf7 40. g4 Ke7 41. Kg2 Ke6 42. Kg3 Bf8 43. gxf5+ Kxf5 44. Bc4 Be7 45. Bd5 g5 46. e6 Bd6 47. Rd3 gxf4+ 48. Kf3 Ke5 49. Ba2 Be7 50. Rd1 h6 51. Kg4 Ke4 52. Re1+ Kd3 53. Kxf4 Kd2 54. Rg1 d3 55. Rg7 Kc2 56. Rg1 d2 57. Ke5 d1Q 58. Bb3+ Kxb3 59. Rxd1 Kc4 60. Rc1+ Kb5 61. Rc8 Nc6+ 62. Kf5 Kc5 63. Kg6 Kd6 64. Kxh6 Nd8 65. Rxd8 Bxd8 1/2-1/2

[Event "SLO-chT2W"]
[Site "Bled"]
[Date "2003.11.07"]
[Round "1"]
[White "Kozamernik, Janez"]
[Black "Cuk, Mirko"]
[Result "0-1"]
[WhiteElo "2229"]
[BlackElo "1988"]
[PlyCount "62"]
[EventDate "2003.11.07"]
[EventType "team"]
[EventRounds "8"]
[EventCountry "SLO"]
[SourceTitle "EXT 2005"]
[Source "ChessBase"]
[SourceDate "2004.11.15"]
[SourceVersion "1"]
[SourceVersionDate "2004.11.15"]
[SourceQuality "1"]

1. e4 c6 2. d4 d5 3. Nc3 dxe4 4. Nxe4 Bf5 5. Ng3 Bg6 6. h4 h6 7. Nf3 Nd7 8. h5 Bh7 9. Bd3 Ngf6 10. Bxh7 Nxh7 11. Qe2 e6 12. Bf4 Be7 13. 0-0-0 0-0 14. Kb1 Ndf6 15. Ne5 Nd5 16. Bc1 Qb6 17. Ka1 Rad8 18. Ne4 Ndf6 19. c3 Nxe4 20. Qxe4 Nf6 21. Qe2 c5 22. dxc5 Bxc5 23. Nd3 Be7 24. Be3 Qa6 25. Bd4 Rd5 26. Qf3 Ra5 27. Nc1 Rd8 28. g4 Nd5 29. Qe2 Rxa2+ 30. Kb1 Ra1+ 31. Kc2 Rxc1+ 0-1

[Event "SLO-chT sf"]
[Site "Slovenia"]
[Date "1996.??.??"]
[Round "6"]
[White "Rebernik, Bostjan"]
[Black "Cuk, Mirko"]
[Result "0-1"]
[WhiteElo "2110"]
[BlackElo "1985"]
[PlyCount "54"]
[EventDate "1996.??.??"]
[EventType "team"]
[EventRounds "7"]
[EventCountry "SLO"]
[SourceTitle "EXT 1997"]
[Source "ChessBase"]
[SourceDate "1996.11.15"]
[SourceVersion "1"]
[SourceVersionDate "1996.11.15"]
[SourceQuality "1"]

1. e4 c5 2. Nf3 e6 3. d4 cxd4 4. Nxd4 Nf6 5. Nc3 d6 6. Bc4 Be7 7. Bb3 Bd7 8. 0-0 a6 9. f4 Nc6 10. Be3 Qc7 11. f5 Nxd4 12. Bxd4 e5 13. Be3 Bc6 14. Qf3 b5 15. g4 b4 16. g5 bxc3 17. gxf6 Bxf6 18. bxc3 Qb7 19. Rab1 0-0 20. Bd5 Qd7 21. Rfd1 Rab8 22. Bb6 Bxd5 23. Rxd5 Qc6 24. Qe3 Bd8 25. f6 Bxb6 26. Rxb6 Qxb6 27. Rd4 d5 0-1